Statistics for Monaco GP Corner Quiz

Click here to take the quiz!

General Stats

  • This quiz has been taken 159 times
  • The average score is 6 of 14

Answer Stats

TurnCorner Name% Correct
1Sainte Devote
85%
4Casino
75%
13-16Swimming Pool
62%
12Tabac
57%
9Tunnel
53%
10-11Nouvelle Chicane
47%
8Portier
43%
17La Rascasse
42%
2Beau Rivage
39%
3Massenet
34%
7Mirabeau Bas
29%
6Grand Hotel Hairpin
28%
5Mirabeau Haute
24%
18-19Antony Noghes
19%

Score Distribution

Percentile by Number Answered

Percent of People with Each Score

Your Score History

You have not taken this quiz